Dovozné depozity minulosťou

Bibliographic Details
Main Author: Gerstner, Andrej (Author)
Format: Article
Language:Slovak
ISSN:0862-9567
Subjects:

MARC

LEADER 00000nab a2200000 a 4500
001 vtls000635290
003 SK-MaSNL
005 20260303124912.0
008 140228c1997 xo 0 slo
015 |a SNBRB19rr/mm-uuuuu 
035 |a CL0635429 
040 |a SNKBUCL  |b slo  |c SNKBUCL  |e AACR2 
041 0 |a slo 
044 |a xo  |c SK 
080 |a 339.56.012.435(437.6):336.717.2:340.132  |2 1981 
080 |a 336.717.2  |2 1981 
080 |a 340.132  |2 1981 
100 1 |a Gerstner, Andrej  |4 aut  |9 514032 
245 1 0 |a Dovozné depozity minulosťou  |c Andrej Gerstner 
650 0 7 |a zahraničný obchod  |2 snkbucl  |9 2200 
650 0 7 |a depozity dovozné  |2 snkbucl  |9 902543 
655 7 |a články z novín a časopisov  |2 snkbucl  |9 267496 
773 0 |t Hospodárske noviny  |g Roč. 5, č. 141 (24. 7. 1997), s. 5  |x 0862-9567 
850 |a Slovenská národná knižnica v Martine  |a MTA001 
852 |a SNK  |b KIS3GCP 
958 |a SK 
958 |a RK 
992 |a RBX 
999 |c 1932113  |d 1934043